Tatrín svetlo národnej kultúry

Bibliographic Details
Main Author: Petrovský, Karol, 1950-2010 (Author)
Format: Article
Language:Slovak
PhysicalDescription:Fotogr.
ISSN:1335-6550
Subjects:

MARC

LEADER 00000nab a2200000 a 4500
001 vtls000885126
003 SK-MaSNL
005 20260304120952.0
008 250429c2004 xo 0 slo
015 |a SNBRB2004/09-26789 
035 |a CLN000236572 
035 |a urn:nbn:sk:snk-ab1kj6 
035 |a (urnnbn)urn:nbn:sk:snk:ar-004bhm 
035 |a (uuid)64971b80-229d-4f3a-ad53-d21e03ba6fda 
040 |a SNKBUCL  |b slo  |c SNKBUCL  |e AACR2 
041 0 |a slo 
044 |a xo  |c SK 
080 |a 94(437.6)"18"  |2 1997 
080 |a 930.85(437.6)"18"  |2 1997 
100 1 |a Petrovský, Karol,  |d 1950-2010  |4 aut  |9 158303 
245 1 0 |a Tatrín  |b svetlo národnej kultúry  |c Karol Petrovský 
300 |b Fotogr. 
610 7 |a Tatrín (spolok)  |2 snkbucl  |9 33054 
655 7 |a články z novín a časopisov  |2 snkbucl  |9 267496 
773 0 |t Historická revue  |g Roč. XV, č. 7-8 (2004), s. 32-33  |x 1335-6550 
850 |a Slovenská národná knižnica 
852 |a Slovenská národná knižnica 
954 |a odborná, vedecká literatúra pôvodná (slovenská)  |2 lita 
958 |a article27 
958 |a OND 
958 |a EUIPO 
992 |a RBX 
999 |c 2882613  |d 2884543